| 000 | 00394nam a2200109Ia 4500 | ||
|---|---|---|---|
| 008 | 171204s9999 xx 000 0 und d | ||
| 245 | _aExchange of Information and Data Protection in Cross-border Criminal Proceedings in Europe: | ||
| 245 | _cÁngeles Gutiérrez Zarza | ||
| 260 | _c2014 | ||
| 650 | _xFUNDAMENTALS OF INFORMATION SECURITY | ||
| 856 | _uhttp://down.ebook777.com/056/3642402909.pdf | ||
| 999 |
_c347193 _d347193 |
||